Текст томруулах:    
The basics of speech (Бичлэгийн дугаар. 146173)
000 -УДИРДЛАГА
Удирдлага 01005nam a22003257a 4500
003 - ХЯНАЛТЫН ТОО ТОДОРХОЙЛОГЧ
Код MN-UlNUM
005 - БИЧИЛТ ХИЙСЭН ОГНОО
Тухайн бичилтийг бичсэн засварласан сүүлийн огноо 20260113104047.0
008 - ЕРӨНХИЙ МЭДЭЭЛЭЛ
Ерөнхий мэдээлэл 260113s1988 ilua|j|| |||| 001 0 eng |
020 ## - ISBN
ISBN 0844255076
040 ## - БИЧЛЭГ ҮҮСГЭГЧ БАЙГУУЛЛАГА
Бичлэг үүсгэгч номын сангийн код МУИС-ийн номын сан
084 ## - ББК АНГИЛАЛ
Нэмэлт тусгалт Бусад
ББК ангилал 74.58
Зохиогчийн гурван тэмдэгт G 65
Мэдлэгийн ялгаа 74 - Боловсрол
100 1# - ЗОХИОГЧ
Зохиогчийн нэр Galvin, Kathleen M.
245 14 - ҮНДСЭН ГАРЧИГ
Номын нэр The basics of speech
Бага гарчгийн мэдээ Learning to be a competent communicator
Оролцогчдын тухай мэдээ Kathleen M. Galvin, Pamela J. Cooper, Jeanie McKinney Gordon.
260 ## - ГАРАЛТЫН МЭДЭЭ
Хэвлэгдсэн газар Lincolnwood, Ill. :
Хэвлэлийн газар National Textbook Co.,
Хэвлэгдсэн он 1988.
300 ## - МАТЕРИАЛЫН ТОДОРХОЙЛОЛТ
хуудасны тоо xiii, 411 p. :
Бусад тоон мэдээлэл ill. ;
Хэмжээ 24 cm.
500 ## - Тайлбар
Дансны дугаар БС 4958
546 ## - ХЭЛНИЙ ТУХАЙ МЭДЭЭ
Хэл Англи хэл дээр,
653 ## - Түлхүүр үг
Түлхүүр үг public speaking
653 ## - Түлхүүр үг
Түлхүүр үг juvenile literature
653 ## - Түлхүүр үг
Түлхүүр үг communication
653 ## - Түлхүүр үг
Түлхүүр үг public speaking
700 1# - ХАМ ЗОХИОГЧИД
Ба бус Cooper, Pamela J.
700 1# - ХАМ ЗОХИОГЧИД
Ба бус Gordon, Jeanie McKinney.
740 ## - НОМЫН ГАРЧИГ
Гарчиг The Basics of Communication
740 ## - НОМЫН ГАРЧИГ
Гарчиг Communication with Self and Others
740 ## - НОМЫН ГАРЧИГ
Гарчиг Group Communication
740 ## - НОМЫН ГАРЧИГ
Гарчиг Public Communication
942 ## - ЭЛЕМЕНТИЙН ТӨРӨЛ
Зүйлийн төрөл Ном